Vplyv riadenia pracovného výkonu na hospodárske výsledky slovenských podnikov

Riadenie pracovného výkonu. Vplyv riadenia pracovného výkonu na hospodárske výsledky. Cranfieldský projekt a základné charakteristiky skúmaného súboru. Analýza vplyvu riadenia pracovného výkonu na hospodárske výsledky slovenských podnikov.

Guardado en:
Detalles Bibliográficos
Autor principal: Vaďurová, Zuzana
Formato: Capítulo de libro
Lenguaje:eslovaco
Materias:
Etiquetas: Agregar Etiqueta
Sin Etiquetas, Sea el primero en etiquetar este registro!

MARC

LEADER 00000nla$a2200000$$$4500
001 0109318
005 20240502072216.5
041 0 |a slo 
044 |a SK 
245 1 0 |a Vplyv riadenia pracovného výkonu na hospodárske výsledky slovenských podnikov  |c Zuzana Vaďurová 
520 |a Riadenie pracovného výkonu. Vplyv riadenia pracovného výkonu na hospodárske výsledky. Cranfieldský projekt a základné charakteristiky skúmaného súboru. Analýza vplyvu riadenia pracovného výkonu na hospodárske výsledky slovenských podnikov. 
610 2 0 |a riadenie 
610 2 0 |a práca 
610 2 0 |a výkony pracovné 
610 2 0 |a produktivita 
610 2 0 |a inovácia 
610 2 0 |a služby 
610 2 0 |a kvalita 
610 2 0 |a výsledok hospodársky 
610 2 0 |a analýzy 
610 2 0 |a Slovensko 
100 1 |a Vaďurová, Zuzana